Times when the winner lost the plurality of the popular vote - Statistics

General Stats
  • This quiz has been taken 15 times
  • The average score is 5 of 5
Answer Stats
Losing percentage Winning percentage Most votes Election Winner of election % Correct
46.1% 48.2% Hillary Clinton 2016 Donald Trump
100%
47.9% 48.4% Al Gore 2000 George W. Bush
100%
32.7% 40.5% Andrew Jackson 1824 John Quincy Adams
100%
47.9% 50.9% Samuel J. Tilden 1876 Rutherford B. Hayes
100%
47.8% 48.6% Grover Cleveland 1888 Benjamin Harrison
91%
No matching quizzes found
Score Distribution
Percent of People with Each Score
Percentile by Number Answered
Your Score History
You have not taken this quiz